Jevropejskij Sojuz - izbrannyje problemy

Medzinárodná ekonomická integrácia. História európskej integrácie. Vznik Európskej únie. Maastrichtské kritériá. Vedomostná ekonomika a stratégia konkurencieschopnosti v Európe. Princípy Lisabonskej stratégie. Stratégia Európa 2020. Stratégia Európa 2020 v Slovenskej republike.

Na minha lista:
Detalhes bibliográficos
Autor principal: Gonda, Vladimír
Formato: Capítulo de Livro
Idioma:russo
Assuntos:
Tags: Adicionar Tag
Sem tags, seja o primeiro a adicionar uma tag!

MARC

LEADER 00000naa$a2200000$$$4500
001 0190383
005 20240502073213.0
041 0 |a rus 
044 |a SK 
245 1 0 |a Jevropejskij Sojuz - izbrannyje problemy  |c Vladimír Gonda 
520 |a Medzinárodná ekonomická integrácia. História európskej integrácie. Vznik Európskej únie. Maastrichtské kritériá. Vedomostná ekonomika a stratégia konkurencieschopnosti v Európe. Princípy Lisabonskej stratégie. Stratégia Európa 2020. Stratégia Európa 2020 v Slovenskej republike. 
610 2 0 |a integrácia ekonomická medzinárodná 
610 2 0 |a spolupráca hospodárska medzinárodná 
610 2 0 |a politika medzinárodná 
610 2 0 |a dohody medzinárodné 
610 2 0 |a riadenie strategické 
610 2 0 |a ekonomika vedomostná 
610 2 0 |a konkurencieschopnosť 
610 2 0 |a Európska únia 
610 2 0 |a Slovensko 
100 1 |a Gonda, Vladimír